01505cam a2200301 a 450000100090000000300040000900500170001300800410003001000170007102000250008802000220011303500230013503500200015804000440017805000190022208200160024110000190025724500710027625000120034726000480035930000320040750000510043950505500049065000290104065000280106970000240109785600820112114694520OSt20210414114228.0070111s2008    nyua     b    001 0 eng    a  2007001082  a9780195306668 (pbk.)  a019530666X (pbk.)  a(OCoLC)ocm78071874  a(OCoLC)78071874  aDLCcDLCdBTCTAdBAKERdC#PdYDXCPdDLC00aPN4781.S775b 00a070.4/32221 aLanson, Jerry.10aWriting and reporting the news. /cJerry Lanson, Mitchell Stephens  a3rd ed.  aNew York :bOxford University Press,c2008.  axix, 531 p.;bill.:c28 cm.  aIncludes bibliographical references and index.  aContents: New judgment -- Fairness -- The Language of news -- Traditional leads -- Other leads -- Attribution -- Quotations -- Information selection -- Organization -- Background and context -- Reporting in a multimedia age -- Facts -- Story origination -- Research -- Sources -- Interviewing -- Obituaries -- Meetings,speeches and press conferences -- Government and politics -- Police -- Courts -- Features -- Municipal services -- Education -- Business and labor -- Science,medicine and the environment -- Broadcast journalism -- The Basics.  0aReporters and reporting. 0aJournalismxAuthorship.1 aStephens, Mitchell.413Table of contents onlyuhttp://www.loc.gov/catdir/toc/ecip078/2007001082.html